000 00481nam a2200229Ia 4500
003 IT-RoPAU
008 120407s9999 xx 000 0 und d
040 _aIT-RoPAU
040 _cIT-RoPAU
041 _afra
100 _aJoseph Chaine
245 _aLes Epitres catholiques, 2.a ed.
250 _aParis
260 _aJ. Gabalda
260 _c1939
300 _a349 p.
300 _c24 cm
490 _aEtudes bibliques
490 _v1
942 _cBK
999 _c33177
_d33177